000 01311nam a2200217Ia 4500
003 Ost
005 20260507075034.0
008 260507s9999||||xx |||||||||||||| ||und||
040 _cfsecg
041 _aara
082 _a330
100 _aالناقة، أحمد أبو الفتوح علي
_eمؤلف
245 0 _aنظرية الإقتصاد الكلي :
_bمدخل رياضي للسياسة المالية والنقدية /
_c أحمد أبو الفتوح علي الناقة
260 _aالإسكندرية:
_bمكتبة ومطبعة الإشعاع الفنية,
_c2002
300 _a177 صفحة؛
_bإيضاحات ؛
_c24 سم
520 _aحسابات الدخل القومي- توازن جانب الطلب في الإقتصاد القومي- تحديد مستوى الدخل وسعر الفائدة- مقدمة في السياسة المالية في ظل ثبات المستوى العام للأسعار- منحى الطلب الكلي لإنتاج الكلي المطلوب ومستوى الأسعار- تحليل الطلب الكلي والعرض الكلي بين وجهة نظر النقديين والكينزيين- النقود والتضخم
653 _aالأسواق
653 _aالإقتصاد الكلي
653 _aالإقتصاد- نظريات
942 _cكتاب
999 _c42439
_d42439